000 00674nam a2200241Ia 4500
003 OSt
005 20220925223422.0
006 a|||||r|||| 00| 0
007 ta
008 220923b |||||||| |||| 00| 0 eng d
020 _a041536020X
037 _cGeneral Book
040 _aRTL
_cRTL
_beng
041 _2eng
_aeng
082 _aU:(G:55), P5
100 _aFoster John
_980079
245 0 _aLearning, natural capital and sustainable developm
260 _aLondon
_bRoutledge
_c2005
300 _avi,138p
_ccm.
700 _a Gough Stephen
_9289629
942 _hU:(G:55), P5
_cGB
_2CC
999 _c579510
_d579510